Bible People, Places, and Things: Th - Ty Quiz Stats

 Plays Quiz not verified by Sporcle

Score 0/29 Timer 08:00
0 Plays Today
% Correct
Tree of Knowledge of Good and Evil
88.2%
Transfiguration
80.9%
Thomas
80.9%
Tower of Babel
80.9%
Tithe
79.4%
Torah
77.9%
Theocracy
76.5%
I Thessalonians
76.5%
Tongues of Fire
73.5%
II Thessalonians
72.1%
Theocentric
70.6%
Transliteration
70.6%
Timbrel
70.6%
Transcendent
69.1%
Thread
67.6%
% Correct
Tribulation
66.2%
Timothy
64.7%
Tittle
63.2%
Thyatira
61.8%
Tyre
60.3%
Tobit
58.8%
Theophany
55.9%
Theodicy
51.5%
Tiberius
48.5%
Tiberias
47.1%
Theophoric
44.1%
Theophilus
44.1%
Titus
38.2%
Timon
35.3%

You're not logged in!

Compare scores with friends on all Sporcle quizzes.
OR
Log In

You Might Also Like...

Show Comments

Extras

Top Quizzes Today


Score Distribution

Your Account Isn't Verified!

In order to create a playlist on Sporcle, you need to verify the email address you used during registration. Go to your Sporcle Settings to finish the process.

Report this User

Report this user for behavior that violates our Community Guidelines.

Details: